00741nam a2200241 a 4500001001000000003000900010005001700019007000300036008004100039040003000080041000800110082002400118100002600142245004200168264003900210300002800249336002600277337003300303338003600336500007600372650002400448650002700472000042708DO-SdBNP20250131092921.0ta140205s1999 dr 000 j spa d aDO-SdBNPbspacBNPHUerda hspa aRD863.44bB142c2221 aBáez, Ranneleautor10aCuentos desechables /cRannel Báez. aSanto Domingo :bMediabyte,c1999. a204 páginas :b21 cm. ardacontenbtexto2txt ardamediabsin mediación2n ardacarrierbsin mediación2nc aIncluye datos biográficos del autor en la solapa de la contracubierta 0aCuentos dominicanos 0aLiteratura dominicana.